000 00913cab a2200301 4500
001 ABS58927
008 090401t1998 xxu||||| |||| 00| 0 eng d
035 _a(Sirsi) u86889
041 _aeng
100 _aWignall, G.
245 _aHandling subsidence claims: damage by tree roots
260 _c1998
350 _a0
490 _aSolicitors` Journal
_v142(22) 5 June 1998, 520-521(2)
520 _aConsiders the application of the law of private nuisance to subsidence caused by the action of tree roots and provides some pointers on the correct way to handle claims.
650 _aEXPERT REPORTS
650 _aFORESEEABILITY
650 _aHOARE V MCALPINE
650 _aHURST V HANTS CC
650 _aInsurance
_96249
650 _aLIMITATION
650 _aPRIVATE NUISANCE
650 _aSUBSIDENCE CLAIMS
650 _aTREE ROOTS
690 _aLAW
942 _n0
948 _c18/06/1998
999 _c54713
_d54713